00479nam a2200193 a 4500001001300000003000900013005001700022008004100039020000900080082001600089100001700105245003600122260003700158300001000195500003500205505001000240650001800250700001700268nice12345678IN_TiNIC20260116012748.0050524s1981 rama grp 000 0 urd  ac1800a297.09bKHA aKhan, A Shah aTarikh Zawal-E-Millat-E-Islamia aRampurbMaktaba Al-Hasnaatc1981 a320p. aincludes index and biblioraphy2 aIndex aIslam-History1 aKhan, A Shah